00341pab a2200133 454500008004000000100001900040245004700059260000900106300001400115362000800129650001800137700002100155773003100176180718b1997 xxu||||| |||| 00| 0 eng d aHaggarty, Luke aA new data base on state-owned enterprises c1997 ap.491-513 aSep aPublic sector aShirley, Mary M. aWorld Bank Economic Review